Dirigeants français par évènements - Statistiques

Statistiques générales
  • Ce quiz a été pris 12 026 fois
  • Le résultat moyen est 10 sur 20
Statistiques - réponses
Évènement Dirigeant % Correct
Fin de la Guerre d'Algérie Charles de Gaulle
86%
Attentat du Bataclan François Hollande
86%
La Prise de la Bastille Louis XVI
86%
L'Euro remplace le Franc comme monnaie officielle Jacques Chirac
82%
La Bataille de Marignan François Ier
78%
La Légion d'honneur est créée Napoléon Ier
70%
Le tunnel sous la Manche est mis en service François Mitterrand
69%
L'Édit de Nantes est promulgué Henri IV
69%
L'Édit de Nantes est révoqué Louis XIV
60%
Guerre franco-allemande de 1870 Napoléon III
56%
Premier choc pétrolier Georges Pompidou
55%
La Bataille de Verdun lors de la Première Guerre mondiale Raymond Poincaré
32%
Fin de la Guerre de Cent Ans Charles VII
26%
La France entre dans la Seconde Guerre mondiale Albert Lebrun
22%
La Sorbonne est fondée à Paris Louis IX
20%
La Tour Eiffel est inaugurée Marie-François Sadi Carnot
19%
Le Pape Urbain II appelle à la Première Croisade Philippe Ier
17%
Henri V refuse le drapeau tricolore, le projet de Troisième Restauration est annulé Patrice de Mac Mahon
13%
L'Affaire des fiches fait scandale en pleine Affaire Dreyfus Émile Loubet
11%
Révolte des Canuts Louis-Philippe Ier
10%
Aucun quiz correspondant
Distribution des résultats
% des personnes avec chaque résultat
Percentile par nombre de réponses
Votre historique - résultats
Vous n’avez pas pris ce quiz